<?xml version="1.0" encoding="UTF-8"?>
<record
    xmlns:xsi="http://www.w3.org/2001/XMLSchema-instance"
    xsi:schemaLocation="http://www.loc.gov/MARC21/slim http://www.loc.gov/standards/marcxml/schema/MARC21slim.xsd"
    xmlns="http://www.loc.gov/MARC21/slim">

  <leader>01098nam a2200265 a 4500</leader>
  <controlfield tag="001">39987</controlfield>
  <controlfield tag="003">BD-RjUL</controlfield>
  <controlfield tag="005">20211209053119.0</controlfield>
  <controlfield tag="008">160420s1971    bg ||||| |||| 00| 0 ben d</controlfield>
  <datafield tag="020" ind1=" " ind2=" ">
    <subfield code="c">: Tk. 6.00</subfield>
  </datafield>
  <datafield tag="035" ind1=" " ind2=" ">
    <subfield code="a">(BD-RjUL) 40101</subfield>
  </datafield>
  <datafield tag="040" ind1=" " ind2=" ">
    <subfield code="a">BD-RjUL</subfield>
    <subfield code="b">ben</subfield>
    <subfield code="c">BD-RjUL</subfield>
  </datafield>
  <datafield tag="041" ind1=" " ind2=" ">
    <subfield code="a">ben</subfield>
  </datafield>
  <datafield tag="082" ind1=" " ind2=" ">
    <subfield code="2">23</subfield>
    <subfield code="a">330.9</subfield>
    <subfield code="b">MYA 1971</subfield>
  </datafield>
  <datafield tag="100" ind1=" " ind2=" ">
    <subfield code="a">&#x9AE;&#x9BE;&#x987;&#x9B0;&#x9A1;&#x9BE;&#x9B2;, &#x997;&#x9C1;&#x9A8;&#x9BE;&#x9B0; </subfield>
    <subfield code="9">123165</subfield>
  </datafield>
  <datafield tag="245" ind1="1" ind2="0">
    <subfield code="a">&#x985;&#x9B0;&#x9CD;&#x9A5;&#x9A8;&#x9C8;&#x9A4;&#x9BF;&#x995; &#x9A4;&#x9A4;&#x9CD;&#x9A4;&#x9CD;&#x9AC; &#x993; &#x985;&#x9A8;&#x9C1;&#x9A8;&#x9CD;&#x9A8;&#x9A4; &#x98F;&#x9B2;&#x9BE;&#x995;&#x9BE; /</subfield>
    <subfield code="c">&#x997;&#x9C1;&#x9A8;&#x9BE;&#x9B0; &#x9AE;&#x9BE;&#x987;&#x9B0;&#x9A1;&#x9BE;&#x9B2; ; &#x9A8;&#x9BF;&#x99C;&#x9BE;&#x9AE; &#x989;&#x9A6;&#x9CD;&#x9A6;&#x9BF;&#x9A8; &#x986;&#x9B9;&#x9AE;&#x9C7;&#x9A6; &#x985;&#x9A8;&#x9C2;&#x9A6;&#x9BF;&#x9A4;</subfield>
  </datafield>
  <datafield tag="260" ind1=" " ind2=" ">
    <subfield code="a">&#x9A2;&#x9BE;&#x995;&#x9BE; : </subfield>
    <subfield code="b">&#x9AC;&#x9BE;&#x999;&#x9B2;&#x9BE; &#x98F;&#x995;&#x9BE;&#x9A1;&#x9C7;&#x9AE;&#x9C0;, </subfield>
    <subfield code="c">&#x9E7;&#x9EF;&#x9ED;&#x9E7;</subfield>
  </datafield>
  <datafield tag="300" ind1=" " ind2=" ">
    <subfield code="a">[&#x9A8;&#x9AF;&#x9BC;], &#x9EA;, &#x9E8;&#x9E9;&#x9E6; &#x9AA;&#x9C3;. ;</subfield>
    <subfield code="c">&#x9E8;&#x9E7; &#x9B8;&#x9C7;&#x9AE;&#x9BF;. </subfield>
  </datafield>
  <datafield tag="490" ind1=" " ind2=" ">
    <subfield code="a">&#x9AC;&#x9BE;&#x98F;</subfield>
    <subfield code="v">&#x9E9;&#x9EB;&#x9E9;</subfield>
  </datafield>
  <datafield tag="650" ind1=" " ind2=" ">
    <subfield code="a">&#x985;&#x9B0;&#x9CD;&#x9A5;&#x9A8;&#x9C8;&#x9A4;&#x9BF;&#x995; &#x989;&#x9A8;&#x9CD;&#x9A8;&#x9AF;&#x9BC;&#x9A8;</subfield>
    <subfield code="9">123166</subfield>
  </datafield>
  <datafield tag="650" ind1=" " ind2=" ">
    <subfield code="a">Economic development</subfield>
    <subfield code="9">123167</subfield>
  </datafield>
  <datafield tag="700" ind1=" " ind2=" ">
    <subfield code="a">&#x986;&#x9B9;&#x9AE;&#x9C7;&#x9A6;, &#x9A8;&#x9BF;&#x99C;&#x9BE;&#x9AE; &#x989;&#x9A6;&#x9CD;&#x9A6;&#x9BF;&#x9A8;, &#x985;&#x9A8;&#x9C1;&#x9AC;&#x9BE;&#x9A6;&#x995;</subfield>
    <subfield code="9">123168</subfield>
  </datafield>
  <datafield tag="830" ind1=" " ind2=" ">
    <subfield code="a">&#x9AC;&#x9BE;&#x98F;</subfield>
    <subfield code="v">&#x9E9;&#x9EB;&#x9E9;</subfield>
    <subfield code="9">123169</subfield>
  </datafield>
  <datafield tag="942" ind1=" " ind2=" ">
    <subfield code="2">ddc</subfield>
    <subfield code="c">BK</subfield>
  </datafield>
  <datafield tag="999" ind1=" " ind2=" ">
    <subfield code="c">39987</subfield>
    <subfield code="d">39987</subfield>
  </datafield>
  <datafield tag="952" ind1=" " ind2=" ">
    <subfield code="0">0</subfield>
    <subfield code="1">0</subfield>
    <subfield code="2">ddc</subfield>
    <subfield code="4">0</subfield>
    <subfield code="7">0</subfield>
    <subfield code="8">NFIC</subfield>
    <subfield code="a">RUCL</subfield>
    <subfield code="b">RUCL</subfield>
    <subfield code="c">Stack</subfield>
    <subfield code="d">1975-01-08</subfield>
    <subfield code="e">Bangla Academy, Dhaka</subfield>
    <subfield code="g">6.00</subfield>
    <subfield code="l">0</subfield>
    <subfield code="o">B 330.9 MYA 1971</subfield>
    <subfield code="r">2016-04-20 00:00:00</subfield>
    <subfield code="t">C-2</subfield>
    <subfield code="w">2016-04-20</subfield>
    <subfield code="y">BK</subfield>
  </datafield>
  <datafield tag="952" ind1=" " ind2=" ">
    <subfield code="0">0</subfield>
    <subfield code="1">0</subfield>
    <subfield code="2">ddc</subfield>
    <subfield code="4">0</subfield>
    <subfield code="7">0</subfield>
    <subfield code="8">NFIC</subfield>
    <subfield code="a">RUCL</subfield>
    <subfield code="b">RUCL</subfield>
    <subfield code="c">Stack</subfield>
    <subfield code="d">1975-01-08</subfield>
    <subfield code="e">Bangla Academy</subfield>
    <subfield code="g">6.00</subfield>
    <subfield code="l">0</subfield>
    <subfield code="o">B 330.9 MYA 1971</subfield>
    <subfield code="r">2016-08-06 00:00:00</subfield>
    <subfield code="t">C-3</subfield>
    <subfield code="w">2016-08-06</subfield>
    <subfield code="y">BK</subfield>
  </datafield>
  <datafield tag="952" ind1=" " ind2=" ">
    <subfield code="0">0</subfield>
    <subfield code="1">0</subfield>
    <subfield code="2">ddc</subfield>
    <subfield code="4">0</subfield>
    <subfield code="7">0</subfield>
    <subfield code="8">NFIC</subfield>
    <subfield code="a">RUCL</subfield>
    <subfield code="b">RUCL</subfield>
    <subfield code="c">Stack</subfield>
    <subfield code="d">1975-01-08</subfield>
    <subfield code="e">Bangla Accademi</subfield>
    <subfield code="g">6.00</subfield>
    <subfield code="l">0</subfield>
    <subfield code="o">B 330.9 MYA 1971</subfield>
    <subfield code="r">2016-08-07 00:00:00</subfield>
    <subfield code="t">C-4</subfield>
    <subfield code="w">2021-12-09</subfield>
    <subfield code="y">BK</subfield>
  </datafield>
  <datafield tag="952" ind1=" " ind2=" ">
    <subfield code="0">0</subfield>
    <subfield code="1">0</subfield>
    <subfield code="2">ddc</subfield>
    <subfield code="4">0</subfield>
    <subfield code="7">0</subfield>
    <subfield code="8">NFIC</subfield>
    <subfield code="a">RUCL</subfield>
    <subfield code="b">RUCL</subfield>
    <subfield code="c">Stack</subfield>
    <subfield code="d">1975-01-08</subfield>
    <subfield code="e">Bangla Accademi</subfield>
    <subfield code="g">6.00</subfield>
    <subfield code="l">0</subfield>
    <subfield code="o">B 330.9 MYA 1971</subfield>
    <subfield code="r">2016-08-07 00:00:00</subfield>
    <subfield code="t">C-5</subfield>
    <subfield code="w">2021-12-09</subfield>
    <subfield code="y">BK</subfield>
  </datafield>
  <datafield tag="952" ind1=" " ind2=" ">
    <subfield code="0">0</subfield>
    <subfield code="1">0</subfield>
    <subfield code="2">ddc</subfield>
    <subfield code="4">0</subfield>
    <subfield code="7">0</subfield>
    <subfield code="8">NFIC</subfield>
    <subfield code="a">RUCL</subfield>
    <subfield code="b">RUCL</subfield>
    <subfield code="c">Stack</subfield>
    <subfield code="d">1975-01-08</subfield>
    <subfield code="e">Bangla Academy, Dhaka</subfield>
    <subfield code="g">6.00</subfield>
    <subfield code="l">0</subfield>
    <subfield code="o">B 330.9 MYA 1971</subfield>
    <subfield code="r">2016-08-20 00:00:00</subfield>
    <subfield code="t">C-6</subfield>
    <subfield code="w">2016-08-20</subfield>
    <subfield code="y">BK</subfield>
  </datafield>
  <datafield tag="952" ind1=" " ind2=" ">
    <subfield code="0">0</subfield>
    <subfield code="1">0</subfield>
    <subfield code="2">ddc</subfield>
    <subfield code="4">0</subfield>
    <subfield code="7">0</subfield>
    <subfield code="8">NFIC</subfield>
    <subfield code="a">RUCL</subfield>
    <subfield code="b">RUCL</subfield>
    <subfield code="c">Stack</subfield>
    <subfield code="d">1975-01-08</subfield>
    <subfield code="e">Bangla Academy</subfield>
    <subfield code="g">6.00</subfield>
    <subfield code="l">0</subfield>
    <subfield code="o">B 330.9 MYA 1971</subfield>
    <subfield code="r">2016-10-01 00:00:00</subfield>
    <subfield code="t">C-7</subfield>
    <subfield code="w">2016-10-01</subfield>
    <subfield code="y">BK</subfield>
  </datafield>
  <datafield tag="952" ind1=" " ind2=" ">
    <subfield code="0">0</subfield>
    <subfield code="1">0</subfield>
    <subfield code="2">ddc</subfield>
    <subfield code="4">0</subfield>
    <subfield code="7">1</subfield>
    <subfield code="8">NFIC</subfield>
    <subfield code="a">RUCL</subfield>
    <subfield code="b">RUCL</subfield>
    <subfield code="c">Reading</subfield>
    <subfield code="d">1975-01-03</subfield>
    <subfield code="e">Bangla Academy</subfield>
    <subfield code="g">6.00</subfield>
    <subfield code="l">0</subfield>
    <subfield code="o">B 330.9 MYA 1971</subfield>
    <subfield code="r">2022-11-02 00:00:00</subfield>
    <subfield code="t">C-1</subfield>
    <subfield code="w">2022-11-02</subfield>
    <subfield code="y">BK</subfield>
  </datafield>
</record>
